000 00500cam a2200169 4500
001 4628
005 20250523160720.0
008 130204s2013 enkb 000 1 eng
010 _a 2013376193
020 _a9780801475122
082 _2320 COU
100 1 _aCoulter, Chris.
245 1 4 _aBush wives and girl soldiers :
_bwomen's lives through war and peace in Sierra Leone /
264 1 _aLondon :
_bCornell University Press,
_c2009.
300 _aix, 285 p. :
_bill. ;
_c26 cm.
942 _2ddc
_cMAIN
999 _c10263
_d10264